<?xml version="1.0" encoding="UTF-8"?>
<record
    xmlns:xsi="http://www.w3.org/2001/XMLSchema-instance"
    xsi:schemaLocation="http://www.loc.gov/MARC21/slim http://www.loc.gov/standards/marcxml/schema/MARC21slim.xsd"
    xmlns="http://www.loc.gov/MARC21/slim">

  <leader>02251nam a2200373 a 4500</leader>
  <controlfield tag="001">000003538</controlfield>
  <controlfield tag="003">DO-SdBNP</controlfield>
  <controlfield tag="005">20220831150051.0</controlfield>
  <controlfield tag="007">ta</controlfield>
  <controlfield tag="008">110712s2009    dr ac         000 0 spa d</controlfield>
  <datafield tag="020" ind1=" " ind2=" ">
    <subfield code="a">9789945461435 (v. 1)</subfield>
  </datafield>
  <datafield tag="020" ind1=" " ind2=" ">
    <subfield code="a">9789945461443 (v. 2)</subfield>
  </datafield>
  <datafield tag="020" ind1=" " ind2=" ">
    <subfield code="a">9789945461451 (v. 3)</subfield>
  </datafield>
  <datafield tag="020" ind1=" " ind2=" ">
    <subfield code="a">978994546146X (v. 4)</subfield>
  </datafield>
  <datafield tag="040" ind1=" " ind2=" ">
    <subfield code="a">DO-SdBNP</subfield>
    <subfield code="b">spa</subfield>
    <subfield code="c">BNPHU</subfield>
  </datafield>
  <datafield tag="082" ind1=" " ind2="4">
    <subfield code="b">G633L</subfield>
    <subfield code="2">22</subfield>
  </datafield>
  <datafield tag="100" ind1="1" ind2=" ">
    <subfield code="a">G&#xF3;mez, Fiume</subfield>
    <subfield code="9">10953</subfield>
  </datafield>
  <datafield tag="245" ind1="1" ind2="0">
    <subfield code="a">Lengua espa&#xF1;ola :</subfield>
    <subfield code="b">educaci&#xF3;n b&#xE1;sica /</subfield>
    <subfield code="c">Fiume G&#xF3;mez ; producci&#xF3;n editorial Mar&#xED;a del Jes&#xFA;s de la Rosa ; ilustraci&#xF3;n Ram&#xF3;n Sandoval.</subfield>
  </datafield>
  <datafield tag="260" ind1=" " ind2=" ">
    <subfield code="a">Santo Domingo :</subfield>
    <subfield code="b">Actualidad Escolar,</subfield>
    <subfield code="c">2009.</subfield>
  </datafield>
  <datafield tag="300" ind1=" " ind2=" ">
    <subfield code="a">8 v. :</subfield>
    <subfield code="b">il., retrs. ;</subfield>
    <subfield code="c">28 cm.</subfield>
  </datafield>
  <datafield tag="500" ind1=" " ind2=" ">
    <subfield code="a">La biblioteca solamente posee los volumenes del 1 al 4.</subfield>
  </datafield>
  <datafield tag="500" ind1=" " ind2=" ">
    <subfield code="a">Cada volumen incluye el libro del maestro.</subfield>
  </datafield>
  <datafield tag="500" ind1=" " ind2=" ">
    <subfield code="a">La biblioteca solamente posee los volumenes 1, 3 y 4, volumen 2 y 4 solamente el libro del maestro.</subfield>
  </datafield>
  <datafield tag="500" ind1=" " ind2=" ">
    <subfield code="a">La biblioteca posee la edici&#xF3;n revisada y actualizada en febrero del 2010 de los volumenes 3 y 4.</subfield>
  </datafield>
  <datafield tag="505" ind1="0" ind2=" ">
    <subfield code="a">v. 1 :</subfield>
    <subfield code="g">unidad 1 --</subfield>
    <subfield code="t">A la escuela --</subfield>
    <subfield code="g">unidad 2 --</subfield>
    <subfield code="t">Mi familia --</subfield>
    <subfield code="g">unidad 3 --</subfield>
    <subfield code="t">Me relaciono co los dem&#xE1;s --</subfield>
    <subfield code="g">unidad 4 --</subfield>
    <subfield code="t">Lleg&#xF3; la navidad --</subfield>
    <subfield code="g">unidad 5 --</subfield>
    <subfield code="t">Conozco mi comunidad --</subfield>
    <subfield code="g">unidad 6 --</subfield>
    <subfield code="t">Todos trabajamos por la patria --</subfield>
    <subfield code="g">unidad 7 --</subfield>
    <subfield code="t">Me comunico --</subfield>
  </datafield>
  <datafield tag="505" ind1="0" ind2=" ">
    <subfield code="a">v. 2 :</subfield>
    <subfield code="g">unidad 1 --</subfield>
    <subfield code="t">De regreso a la escuela --</subfield>
    <subfield code="g">unidad 2 --</subfield>
    <subfield code="t">Medio ambiente --</subfield>
    <subfield code="g">unidad 3 --</subfield>
    <subfield code="t">El gato con botas --</subfield>
    <subfield code="g">unidad 4 --</subfield>
    <subfield code="t">La lagartija preocupada --</subfield>
    <subfield code="g">unidad 5 --</subfield>
    <subfield code="t">Descubro mi entorno --</subfield>
    <subfield code="g">unidad 6 --</subfield>
    <subfield code="t">Conoce tu pasado --</subfield>
    <subfield code="g">unidad 7 --</subfield>
    <subfield code="t">Expreso mis ideas --</subfield>
    <subfield code="g">unidad 8 --</subfield>
    <subfield code="t">La bobina maravillosa --</subfield>
  </datafield>
  <datafield tag="505" ind1="0" ind2=" ">
    <subfield code="a">v. 3 :</subfield>
    <subfield code="t">Lectura de entrada --</subfield>
    <subfield code="t">Vocabulario --</subfield>
    <subfield code="t">Me expreso de formas diferentes --</subfield>
    <subfield code="t">Para escribir --</subfield>
    <subfield code="t">Estudio mi lengua --</subfield>
    <subfield code="t">Me expreso de formas diferentes --</subfield>
    <subfield code="t">Valor --</subfield>
    <subfield code="t">Me divierto --</subfield>
  </datafield>
  <datafield tag="505" ind1="0" ind2=" ">
    <subfield code="a">v. 4 :</subfield>
    <subfield code="t">Lectura de entrada --</subfield>
    <subfield code="t">Vocabulario --</subfield>
    <subfield code="t">Me expreso de formas diferentes --</subfield>
    <subfield code="t">Para escribir --</subfield>
    <subfield code="t">Estudio mi lengua --</subfield>
    <subfield code="t">Me expreso de formas diferentes --</subfield>
    <subfield code="t">Valor --</subfield>
    <subfield code="t">Me divierto.</subfield>
  </datafield>
  <datafield tag="590" ind1=" " ind2=" ">
    <subfield code="a">Inventariado, 2022 / DG</subfield>
  </datafield>
  <datafield tag="700" ind1="1" ind2=" ">
    <subfield code="a">Rosa, Mar&#xED;a del Jes&#xFA;s de la,</subfield>
    <subfield code="e">prod. ed.</subfield>
    <subfield code="9">10954</subfield>
  </datafield>
  <datafield tag="700" ind1="1" ind2=" ">
    <subfield code="a">Sandoval, Ram&#xF3;n,</subfield>
    <subfield code="e">il.</subfield>
    <subfield code="9">10955</subfield>
  </datafield>
  <datafield tag="910" ind1=" " ind2=" ">
    <subfield code="a">DG</subfield>
  </datafield>
  <datafield tag="942" ind1=" " ind2=" ">
    <subfield code="2">ddc</subfield>
    <subfield code="c">LBS1</subfield>
  </datafield>
  <datafield tag="952" ind1=" " ind2=" ">
    <subfield code="0">0</subfield>
    <subfield code="1">0</subfield>
    <subfield code="2">ddc</subfield>
    <subfield code="5">1</subfield>
    <subfield code="7">0</subfield>
    <subfield code="8">MO</subfield>
    <subfield code="a">BNPHU</subfield>
    <subfield code="b">BNPHU</subfield>
    <subfield code="c">HD</subfield>
    <subfield code="d">2009-07-10</subfield>
    <subfield code="l">0</subfield>
    <subfield code="o">xxxx G633L</subfield>
    <subfield code="p">3538-10</subfield>
    <subfield code="r">2020-06-25</subfield>
    <subfield code="w">2020-06-25</subfield>
    <subfield code="y">LBS1</subfield>
  </datafield>
  <datafield tag="999" ind1=" " ind2=" ">
    <subfield code="c">3364</subfield>
    <subfield code="d">3364</subfield>
  </datafield>
</record>
